Online Catalogue and eLibrary

War and peace (Record no. 3091)

MARC details
000 -LEADER
fixed length control field 00599nam a2200157Ia 4500
005 - DATE AND TIME OF LATEST TRANSACTION
control field 20240823010858.0
008 - FIXED-LENGTH DATA ELEMENTS--GENERAL INFORMATION
fixed length control field 240331s9999 xx 000 0 und d
020 ## - INTERNATIONAL STANDARD BOOK NUMBER
ISBN 0140444173
082 ## - DDC Classification
Item Number - Author Mark TOL
Class No. 800
100 ## - MAIN ENTRY--PERSONAL NAME
Personal name Tolstoy, L
245 #0 - TITLE STATEMENT
Title War and peace
260 ## - PUBLICATION, DISTRIBUTION, ETC.
Place of publication, distribution, etc. England
Name of publisher, distributor, etc. Penguin Group
Date of publication, distribution, etc. 1869
300 ## - PHYSICAL DESCRIPTION
Extent (e.g. Volumes, Pages etc.) 1443 p .,
500 ## - GENERAL NOTE
General note A complete picture of human life: a complete picture of the Russia of that day: a complete picture of everything in which people place their happiness and greatness, their grief and humiliation. that is war and peace. ' writes a contemporary critic.
942 ## - Koha item type (Biblio)
Koha item type Books in Stacks (Lending)
Holdings
Lost status Damaged status Collection code Home library Current library Shelving location Date acquired Full call number Accession Number Item type
    Lending WERC Library WERC Library Social Science Cupboard 03/31/2024 800 TOL 1349 Books in Stacks (Lending)

© WERC Library